| 000 | 00709nam a22002057a 4500 | ||
|---|---|---|---|
| 005 | 20180409112200.0 | ||
| 010 | _aB-690866-867 | ||
| 020 |
_a9789381709467 _c600.00 |
||
| 035 | _aB-690866-867 | ||
| 037 | _bPansy | ||
| 082 | _a920 | ||
| 100 | _aPruthi, R.K. | ||
| 245 |
_aBharat ratna / _c by R.K.Pruthi |
||
| 260 |
_aNew Delhi _bLife Span Publishers and Distributors _c2015 |
||
| 270 |
_a4782/23, Ansari Road, Daryagang, _bNew Delhi _e110002 |
||
| 300 |
_a269p. _c22cm(Hb) |
||
| 500 | _aBalidani | ||
| 942 |
_2ddc _cEN _mPRU _h920 |
||
| 999 |
_c150885 _d150885 |
||